Marilú Polar y la magia de las estrellas

Gorde:
Xehetasun bibliografikoak
Egile nagusia: Plante, Raimond (Egilea)
Formatua: Liburua
Hizkuntza:gaztelania
Argitaratua: Santiago Marenostrum 2005
Edizioa:1a. ed
Saila:Colección la buena letra
Gaiak:
Etiketak: Etiketa erantsi
Etiketarik gabe, Izan zaitez lehena erregistro honi etiketa jartzen!

MARC

LEADER 00000nam a2200000 a 4500
001 UCH6093
003 CL-VaPUC
008 091109e20050000CL |||||||||||||||||spa|d
020 |a 8496391213 
082 0 4 |a 843  |b PLA  |2 21 
100 0 |a Plante, Raimond  |e author  |9 542468 
245 1 0 |a Marilú Polar y la magia de las estrellas 
250 |a 1a. ed 
300 |a 70 p 
942 |c BK 
945 |d 20091109 00:00:00  |a ccalabra 
260 |a Santiago  |b Marenostrum  |c 2005 
650 0 |a Literatura  |9 259151 
650 0 |a Literatura canadiense  |9 342826 
650 0 |a Literatura infantil   |9 307465 
650 0 |a Cuentos infantiles  |9 308044 
650 0 |a Narrativa  |9 336727 
650 0 |a Ficción   |9 376687 
650 0 |a Lectura  |9 307634 
651 7 |a CANADA  |2 CL-VaPUC  |9 542469 
583 |a last modification  |c 20091109 00:00:00  |k Rodrigo Vera 
490 0 |a Colección la buena letra 
999 |c 337053  |d 337051